000 01201cam a22003255i 4500
999 _c234846
_d234846
001 18906596
003 Nust
005 20170331115425.0
008 151216s2014 pk b 000 0 eng
010 _a 2015330135
020 _a9789696430001
037 _bLibrary of Congress -- Islamabad Overseas Office
040 _aDLC
_beng
_cDLC
_erda
042 _alcode
043 _aa-pk---
050 0 0 _a333.174 FIR
_b.P37 2014
082 _a333.174 FIR
100 1 _aPastakia, Firuza,
_eauthor.
245 1 0 _aEnvironmental protection and the Eighteen amendment /
_cFiruza Pastakia.
264 1 _aIslamabad :
_bIUCN Pakistan, National Impact Assessment Programme,
_c2014.
300 _a222 pages ;
_c28 cm.
336 _atext
_btxt
_2rdacontent
337 _aunmediated
_bn
_2rdamedia
338 _avolume
_bnc
_2rdacarrier
500 _aP.B
504 _aIncludes bibliographical references.
650 0 _aEnvironmental law
_zPakistan.
650 0 _aState-local relations
_zPakistan.
710 2 _aIUCN--the World Conservation Union, Pakistan.
_bNational Impact assessment Programme.
906 _a7
_bcbc
_corigode
_d3
_encip
_f20
_gy-gencatlg
942 _2ddc
_cBK
_k333.174 FIR